Obchodní jednání a národní zvyklosti: Turecko

Obchodné rokovania a národné zvyklosti v obchodnom styku s Tureckom. História Turecka, Životný štýl. Tradície a zvyklosti.

Saved in:
Bibliographic Details
Main Author: Toufarová, Petra
Format: Book Chapter
Language:Czech
Subjects:
Tags: Add Tag
No Tags, Be the first to tag this record!

MARC

LEADER 00000naa a2200000 4500
001 r040667
005 20230908092312.8
041 0 |a cze 
044 |a CZ 
245 1 0 |a Obchodní jednání a národní zvyklosti: Turecko  |c Petra Toufarová 
520 |a Obchodné rokovania a národné zvyklosti v obchodnom styku s Tureckom. História Turecka, Životný štýl. Tradície a zvyklosti. 
610 2 0 |a rokovania obchodné 
610 2 0 |a zvyklosti obchodné 
610 2 0 |a Turecko 
610 2 0 |a história 
610 2 0 |a spoločnosť 
610 2 0 |a kultúra 
100 1 |a Toufarová, Petra